| 000 | 09266nam a22006377a 4500 | ||
|---|---|---|---|
| 005 | 20091116111250.0 | ||
| 008 | 091116t xxu||||| |||| 00| 0 hin d | ||
| 010 | _aHIN-88579 | ||
| 020 |
_a9788183484695 _c235.00 |
||
| 035 | _aHN-60925 | ||
| 035 | _aB-378518-546 | ||
| 037 | _bDBAD / VEN / सुरेन्द्र कुमार एण्ड संस | ||
| 037 | _bVEN / सुरेन्द्र कुमार एण्ड संस | ||
| 040 |
_aDPL _bHN |
||
| 082 | _a000 | ||
| 245 |
_aकेन्द्रीय विद्यालय संगठन (KVS) शिक्षक (PGT/TGT): _bचयन परीक्षा : प्रथम-प्रश्न पत्र / |
||
| 246 |
_aKendrya Vidhyalya Sangatan (KVS) Shiksak(PGT/TGT) : _bChayan Pariksha : Pratham: Prashn-Patra/ |
||
| 260 |
_aदिल्ली _bअरिहन्त पब्लिकेशन्स _c2009 |
||
| 270 |
_a4577/15, रामछाया, अग्रवाल रोड, दरियागंज _bदिल्ली _e110002 _k0121- 23280316 _l0121- 43540876 _marihant_delhi07@yahoo.co.in |
||
| 300 |
_aवि.पृ _c23सेमी (अजिल्द) |
||
| 500 | _aSelf Study Guide | ||
| 650 | _aसामान्य ज्ञान | ||
| 650 | _aGeneral kowledge | ||
| 942 |
_2ddc _cHN _h000 _mकेन्द्रीय |
||
| 999 |
_c31876 _d31876 |
||